Central Library OPAC University of Rajshahi

Human relations in industry and commerce : (Record no. 75765)

MARC details
000 -LEADER
fixed length control field 00658nam a2200181 4500
001 - CONTROL NUMBER
control field 75765
003 - CONTROL NUMBER IDENTIFIER
rucl marc code BD-RjUL
005 - DATE AND TIME OF LATEST TRANSACTION
control field 20211209082735.0
008 - FIXED-LENGTH DATA ELEMENTS--GENERAL INFORMATION
fixed length control field 190701s1958 pk ||||| |||| 00| 0 eng d
035 ## - SYSTEM CONTROL NUMBER
System control number (BD-RjUL)59056
040 ## - CATALOGING SOURCE
Original cataloging agency BD-RjUL
Language of cataloging eng
Transcribing agency BD-RjUL
041 ## - LANGUAGE CODE
Language code of text/sound track or separate title eng
082 ## - DEWEY DECIMAL CLASSIFICATION NUMBER
Edition number 23
Classification number 658.3
Author mark and year HUM 1958
245 ## - TITLE STATEMENT
Title Human relations in industry and commerce :
Remainder of title proceedings of the conference held at Karachi from 25 to 29 May, 1956 /
Statement of responsibility, etc. Pakistan Institute of Personnel Administration.
260 ## - PUBLICATION, DISTRIBUTION, ETC. (IMPRINT)
Place of publication, distribution, etc. Karachi :
Name of publisher, distributor, etc. Pakistan Institute of Personnel Administration,
Date of publication, distribution, etc. 1958
710 ## - ADDED ENTRY--CORPORATE NAME
Corporate name or jurisdiction name as entry element Pakistan Institute of Personnel Administration.
9 (RLIN) 232130
942 ## - ADDED ENTRY ELEMENTS (KOHA)
Source of classification or shelving scheme Dewey Decimal Classification
Koha item type Books
Holdings
Lost status Source of classification or shelving scheme Damaged status Not for loan Collection code Permanent Location Current Location Shelving location Date acquired Total Checkouts Full call number Date last seen Copy number Koha item type Source of acquisition Cost, normal purchase price
  Dewey Decimal Classification     Non-fiction Central Library, University of Rajshahi Central Library, University of Rajshahi   01/07/2019   658.3 HUM 1958 01/07/2019 C-2 Books    
  Dewey Decimal Classification   Not For Loan Non-fiction Central Library, University of Rajshahi Central Library, University of Rajshahi Reading Room 01/07/2019   658.3 HUM 1958 01/07/2019 C-1 Books    
  Dewey Decimal Classification     Non-fiction Central Library, University of Rajshahi Central Library, University of Rajshahi   10/06/1964   658.3 HUM 1958 09/07/2019 C-3 Books Pak, Law House 28.00
  Dewey Decimal Classification     Non-fiction Central Library, University of Rajshahi Central Library, University of Rajshahi   10/06/1964   658.3 HUM 1958 09/07/2019 C-4 Books Pak, Law House 28.00